Vegyesek

Elmentve itt :
Bibliográfiai részletek
Szerző: Kont Ignác
Dokumentumtípus: Cikk
Megjelent: 1898
Sorozat:Magyar pedagógia : a Magyar Tudományos Akadémia Pedagógiai Bizottságának folyóirata 7
Kulcsszavak:Pedagógia 1898
Online Access:http://misc.bibl.u-szeged.hu/7462
LEADER 00637nab a2200193 i 4500
001 misc7462
005 20191106144216.0
008 170607s1898 hu o 0|| hun d
022 |a 0025-0260 
040 |a SZTE Miscellanea Repozitórium  |b hun 
041 |a hun 
100 1 |a Kont Ignác 
245 1 0 |a Vegyesek  |h [elektronikus dokumentum] /  |c  Kont Ignác 
260 |c 1898 
300 |a 625-629 
490 0 |a Magyar pedagógia : a Magyar Tudományos Akadémia Pedagógiai Bizottságának folyóirata  |v 7 
695 |a Pedagógia 1898 
700 0 1 |a Kont Ignác  |e aut 
856 4 0 |u http://misc.bibl.u-szeged.hu/7462/1/mp_1898_625-629.pdf  |z Dokumentum-elérés